[Event "Championnat de France - Accession"]
[Site "Pau"]
[Date "2008.08.17"]
[Round "6.17"]
[White "Pietrasanta, Jeremy"]
[Black "Mandon, Fabrice"]
[Result "1/2-1/2"]
[WhiteElo "2301"]
[BlackElo "2221"]
[PlyCount "68"]

1. e4 c5 2. Nf3 Nc6 3. d3 d6 4. g3 g6 5. Bg2 Bg7 6. O-O Nf6 7. Re1 e5 8. c3 O-O
9. a3 Rb8 10. d4 Bg4 11. dxc5 dxc5 12. Qe2 b5 13. a4 a6 14. Na3 c4 15. b3 Bxf3
16. Qxf3 Qc7 17. Nc2 Na5 18. Bg5 Nd7 19. Nb4 f6 20. Be3 Ra8 21. axb5 axb5 22.
h4 Nxb3 23. Rad1 Rad8 24. h5 Ndc5 25. hxg6 hxg6 26. Qg4 Qf7 27. Nd5 Nd3 28. Re2
f5 29. Qh4 Rxd5 30. exd5 f4 31. Bh3 Bf6 32. Qh6 Bg7 33. Qg5 Bf6 34. Qh6 Bg7
1/2-1/2

[Event "Championnat de France - Accession"]
[Site "Pau"]
[Date "2008.08.17"]
[Round "6.18"]
[White "Berthier, Hugo"]
[Black "Riff, Vincent"]
[Result "1/2-1/2"]
[WhiteElo "2157"]
[BlackElo "2290"]
[PlyCount "80"]

1. Nf3 d5 2. d4 Nf6 3. c4 c6 4. Nc3 a6 5. c5 g6 6. Bf4 Bg7 7. e3 O-O 8. h3 Nbd7
9. Be2 Re8 10. O-O h6 11. Rc1 Nh7 12. e4 dxe4 13. Nxe4 Ndf6 14. Nc3 Be6 15. Be5
Nf8 16. Re1 N8d7 17. Bg3 Nd5 18. a3 N7f6 19. Bd3 Nxc3 20. bxc3 Bd5 21. Ne5 Qc8
22. Rb1 Nd7 23. Qd2 Nxe5 24. Bxe5 Bxe5 25. Rxe5 Kg7 26. Qb2 Rb8 27. c4 f6 28.
Re3 Bf7 29. Rbe1 Qd7 30. Re4 e5 31. Rd1 exd4 32. Rxd4 Qe7 33. Rd6 b6 34. Rxc6
bxc5 35. Qc2 Qe5 36. Rxa6 Rb2 37. Qc1 Qd4 38. Bc2 Qc3 39. Bd3 Qd4 40. Bc2 Qxc4
1/2-1/2

[Event "Championnat de France - Accession"]
[Site "Pau"]
[Date "2008.08.17"]
[Round "6.20"]
[White "Mancini, Mario"]
[Black "Ryan, Martin"]
[Result "1-0"]
[WhiteElo "2268"]
[BlackElo "2063"]
[PlyCount "121"]

1. e4 c5 2. Nf3 d6 3. d4 cxd4 4. Nxd4 Nf6 5. Nc3 a6 6. Bg5 e6 7. Qf3 Be7 8.
O-O-O Qc7 9. Qg3 Nbd7 10. Be2 b5 11. Bxb5 axb5 12. Ndxb5 Qb8 13. Nxd6+ Bxd6 14.
Qxd6 Qxd6 15. Rxd6 O-O 16. Rhd1 h6 17. Be3 Ne5 18. b3 Ba6 19. f3 Rfc8 20. Kb2
Rcb8 21. Kc1 h5 22. a4 Rc8 23. Nb5 Nc6 24. Na7 Nxa7 25. Rxa6 Nc6 26. Rxa8 Rxa8
27. Kb2 Ne8 28. c3 Nc7 29. Bb6 Na6 30. b4 Naxb4 31. cxb4 Rxa4 32. Bc5 Nxb4 33.
Kb3 Ra2 34. Bxb4 Rxg2 35. Rd2 Rg1 36. Bc5 Rf1 37. Bf2 h4 38. Kc2 Kh7 39. Kd3 h3
40. Ke2 Rb1 41. f4 Rb4 42. Kf3 Kg6 43. Re2 Rb5 44. Kg4 Rb3 45. Re3 Rb2 46. Bg3
f5+ 47. Kxh3 Rb6 48. e5 Kf7 49. Bh4 Rb7 50. Ra3 Rd7 51. Bf2 Kg6 52. Ra6 Re7 53.
Ra7 Re8 54. Rc7 Ra8 55. Re7 Ra6 56. Bc5 Rc6 57. Bd6 Rb6 58. Kh4 Rb2 59. Rxe6+
Kf7 60. Re7+ Kg6 61. h3 1-0

[Event "Championnat de France - Accession"]
[Site "Pau"]
[Date "2008.08.19"]
[Round "7.1"]
[White "Bujisho, Benjamin"]
[Black "Guilleux, Fabien"]
[Result "1/2-1/2"]
[WhiteElo "2402"]
[BlackElo "2397"]
[PlyCount "103"]

1. e4 c5 2. Nf3 d6 3. d4 Nf6 4. Nc3 cxd4 5. Nxd4 Nc6 6. Be2 e6 7. O-O Be7 8.
Kh1 a6 9. f4 Qc7 10. a4 O-O 11. Be3 Re8 12. a5 Nxa5 13. e5 dxe5 14. fxe5 Qxe5
15. Bf4 Qc5 16. Na4 Qa7 17. Bc7 Nc4 18. Bxc4 b5 19. Nb6 bxc4 20. Nxa8 Qxa8 21.
Qe2 Qe4 22. Qxe4 Nxe4 23. Bb6 Bb7 24. Nf3 h5 25. Rfd1 Bf6 26. c3 h4 27. h3 e5
28. Kh2 Ng3 29. Bc7 Nf5 30. Ra5 e4 31. Rxf5 exf3 32. gxf3 Re2+ 33. Kg1 Rxb2 34.
Be5 Bxe5 35. Rxe5 Bxf3 36. Rd4 Rg2+ 37. Kf1 g5 38. Rxc4 Kg7 39. Re3 Rg3 40. Kf2
Bd5 41. Rc5 Rg2+ 42. Kf1 Bb7 43. Re7 Rb2 44. Rxg5+ Kf6 45. Ree5 Bc8 46. Ra5
Bxh3+ 47. Kg1 Bc8 48. Rh5 h3 49. Rh8 Rg2+ 50. Kf1 Bg4 51. Rxa6+ Kg7 52. Rah6
1/2-1/2

[Event "Championnat de France - Accession"]
[Site "Pau"]
[Date "2008.08.19"]
[Round "7.2"]
[White "Housieaux, David"]
[Black "Debray, Christopher"]
[Result "1-0"]
[WhiteElo "2411"]
[BlackElo "2378"]
[PlyCount "75"]

1. d4 d5 2. c4 dxc4 3. Nf3 Nf6 4. e3 a6 5. Bxc4 b5 6. Bd3 e6 7. a4 b4 8. O-O c5
9. e4 cxd4 10. e5 Nd5 11. Bg5 Be7 12. h4 Bb7 13. Nbd2 Bxg5 14. Nxg5 h6 15. Nge4
O-O 16. Qg4 Nd7 17. Nc4 a5 18. Rfe1 Ba6 19. Ned6 Nc5 20. Rad1 f5 21. Bxf5 exf5
22. Qxd4 Nxa4 23. Qxd5+ Kh7 24. e6 Bxc4 25. Nxc4 Qe7 26. Qd7 Qxd7 27. Rxd7 Nc5
28. Rd5 Ne4 29. f3 Nf6 30. Rxa5 Rxa5 31. Nxa5 Re8 32. Nc6 Nd5 33. Re5 Nc7 34.
e7 Kg6 35. Nxb4 Kf6 36. Nc6 Nd5 37. Rxd5 Rc8 38. Rd8 1-0

[Event "Championnat de France - Accession"]
[Site "Pau"]
[Date "2008.08.19"]
[Round "7.3"]
[White "Saucey, Michel"]
[Black "Bedouin, Xavier"]
[Result "0-1"]
[WhiteElo "2348"]
[BlackElo "2365"]
[PlyCount "56"]

1. d4 d5 2. c4 e6 3. Nc3 Be7 4. Nf3 Nf6 5. Qc2 O-O 6. Bg5 dxc4 7. e4 Nc6 8. Rd1
b5 9. Nxb5 Nb4 10. Qb1 Nd3+ 11. Bxd3 cxd3 12. Qxd3 Ba6 13. Ne5 Qe8 14. Nxc7
Bxd3 15. Nxe8 Bxe4 16. Nc7 Rac8 17. Nb5 Bb4+ 18. Kf1 Rfd8 19. Nxa7 Rc2 20. f3
Bb7 21. a3 Bd6 22. Re1 Rxb2 23. Nec6 Ra8 24. Rc1 Bxa3 25. g3 Nd5 26. Ra1 Bd6
27. Ra5 h6 28. Bc1 Rc2 0-1

[Event "Championnat de France - Accession"]
[Site "Pau"]
[Date "2008.08.19"]
[Round "7.4"]
[White "Terrieux, Kevin"]
[Black "Crut, Aurelien"]
[Result "1-0"]
[WhiteElo "2360"]
[BlackElo "2316"]
[PlyCount "111"]

1. d4 d5 2. c4 e6 3. Nf3 Nf6 4. g3 dxc4 5. Bg2 c6 6. a4 c5 7. O-O Nc6 8. dxc5
Qxd1 9. Rxd1 Bxc5 10. Nbd2 c3 11. bxc3 Bd7 12. a5 Rd8 13. Nb3 Be7 14. Nfd4 O-O
15. Ba3 Bxa3 16. Rxa3 e5 17. Nxc6 Bxc6 18. Rxd8 Rxd8 19. Bxc6 bxc6 20. a6 Rb8
21. Na5 Rb6 22. Nc4 Rb1+ 23. Kg2 Nd7 24. Kf3 Kf8 25. Nd6 Rb8 26. Nb7 Ke7 27. c4
Rc8 28. c5 Rc7 29. Ke4 Ke6 30. Kd3 f5 31. Kc4 e4 32. f4 Nb8 33. Nd6 Rd7 34. h3
g6 35. g4 Rd8 36. Ra1 Rf8 37. e3 Rd8 38. Ra2 Rd7 39. Kb4 Rd8 40. Ka5 Nd7 41.
Nb7 Rb8 42. g5 Ke7 43. Kb4 Nf8 44. Rd2 Ne6 45. Kc4 Rh8 46. Na5 Rc8 47. Rd6 Nd8
48. h4 Rc7 49. h5 gxh5 50. Rh6 Ke8 51. Nb3 Rf7 52. Nd4 Kd7 53. Rxh5 Ne6 54.
Nxe6 Kxe6 55. Rh6+ Kd7 56. Kd4 1-0

[Event "Championnat de France - Accession"]
[Site "Pau"]
[Date "2008.08.19"]
[Round "7.5"]
[White "Shirazi, Kamran"]
[Black "Camus De Solliers, Guillaume"]
[Result "0-1"]
[WhiteElo "2440"]
[BlackElo "2319"]
[PlyCount "130"]

1. d4 e6 2. Nf3 c5 3. g3 cxd4 4. Nxd4 Bc5 5. Bg2 Qb6 6. e3 Nc6 7. Nb3 Be7 8. e4
d6 9. Qg4 h5 10. Qe2 h4 11. Be3 Qc7 12. Nc3 h3 13. Bf1 a6 14. f4 b5 15. O-O-O
Bb7 16. g4 Rc8 17. g5 Na5 18. Bd4 e5 19. Bf2 exf4 20. Nd5 Bxd5 21. exd5 Nxb3+
22. axb3 Kf8 23. Rg1 g6 24. Rd3 Rh5 25. Rc3 Qd7 26. Qxh5 Rxc3 27. Qh4 Rf3 28.
Be2 Rxf2 29. Qxf2 Qf5 30. Qf3 Bxg5 31. Qg4 Qxg4 32. Bxg4 Bf6 33. Bxh3 Bd4 34.
Rd1 Be3+ 35. Kb1 a5 36. b4 axb4 37. Bd7 Nf6 38. Bxb5 Ng4 39. h4 Kg7 40. Be2 Ne5
41. Rf1 f6 42. Ka2 g5 43. Kb3 g4 44. Bxg4 Nxg4 45. Kxb4 Kh6 46. Kb5 Ne5 47. c4
Kh5 48. b4 Kxh4 49. c5 dxc5 50. bxc5 Nf7 51. d6 Kg3 52. d7 f3 53. c6 Bf4 54.
Rg1+ Kh2 55. Rg7 f2 56. Rxf7 f1=Q+ 57. Kc5 Qf2+ 58. Kd5 Qf3+ 59. Ke6 Qxc6+ 60.
Ke7 Bc7 61. Rxf6 Bd8+ 62. Kxd8 Qxf6+ 63. Kc7 Qe5+ 64. Kc8 Qc5+ 65. Kb8 Qd6+ 0-1

[Event "Championnat de France - Accession"]
[Site "Pau"]
[Date "2008.08.19"]
[Round "7.6"]
[White "Aguettaz, Maxime"]
[Black "Moussard, Jules"]
[Result "1-0"]
[WhiteElo "2426"]
[BlackElo "2255"]
[PlyCount "83"]

1. c4 c5 2. Nc3 Nc6 3. g3 g6 4. Bg2 Bg7 5. d3 a6 6. Qd2 Rb8 7. b3 Nf6 8. Bb2
O-O 9. h4 e6 10. Nh3 d6 11. Nf4 h5 12. O-O-O Bd7 13. Ne4 Qe7 14. Nxf6+ Bxf6 15.
Rhg1 Ne5 16. Be4 Bg7 17. d4 Ng4 18. dxc5 Bxb2+ 19. Qxb2 Nxf2 20. cxd6 Qd8 21.
Bc2 Nxd1 22. Rxd1 Qb6 23. Qe5 Qf2 24. Nxh5 f6 25. Qf4 Qxe2 26. Bxg6 Qe5 27.
Qxe5 fxe5 28. g4 Bc6 29. g5 Rbd8 30. Nf6+ Kg7 31. h5 b6 32. Bc2 Rxf6 33. gxf6+
Kxf6 34. b4 e4 35. c5 bxc5 36. bxc5 Kg5 37. d7 Rxd7 38. Rxd7 Bxd7 39. Bxe4 Kxh5
40. Bb7 a5 41. c6 Bxc6 42. Bxc6 1-0

[Event "Championnat de France - Accession"]
[Site "Pau"]
[Date "2008.08.19"]
[Round "7.7"]
[White "Payen, Arnaud"]
[Black "Bonn, Thomas"]
[Result "1-0"]
[WhiteElo "2372"]
[BlackElo "2190"]
[PlyCount "79"]

1. Nf3 f5 2. c4 Nf6 3. g3 g6 4. Bg2 Bg7 5. O-O O-O 6. Nc3 d6 7. Rb1 e5 8. d3 h6
9. b4 g5 10. c5 Qe7 11. cxd6 cxd6 12. b5 Be6 13. Ba3 Nbd7 14. e4 Rfd8 15. Re1
Rac8 16. Rc1 fxe4 17. Nxe4 Nxe4 18. dxe4 Nc5 19. Rc2 Qf7 20. Rd2 Qe7 21. Re3
Bf8 22. Ne1 Qf7 23. Qb1 Be7 24. Nd3 Na4 25. Bb4 Bc4 26. Bf1 g4 27. Qd1 Bxb5 28.
Qxg4+ Qg7 29. Qe6+ Kh7 30. Rf3 Bc4 31. Qf5+ Kh8 32. Bh3 Nb6 33. Nf4 Bb5 34.
Ng6+ Qxg6 35. Qxg6 Rc1+ 36. Bf1 Bxf1 37. Qxh6+ Kg8 38. Qg6+ Kh8 39. Rc3 Rb1 40.
Rd1 1-0

[Event "Championnat de France - Accession"]
[Site "Pau"]
[Date "2008.08.19"]
[Round "7.8"]
[White "Massoni, Michael"]
[Black "Vernay, Clovis"]
[Result "1/2-1/2"]
[WhiteElo "2172"]
[BlackElo "2345"]
[PlyCount "224"]

1. e4 e6 2. d4 d5 3. Nc3 Bb4 4. exd5 exd5 5. Bd3 Nc6 6. a3 Be7 7. Nge2 Bf6 8.
Bf4 a6 9. Qd2 Nge7 10. Qe3 Be6 11. Na4 b6 12. Bg5 Bxg5 13. Qxg5 O-O 14. O-O Qd7
15. Nac3 h6 16. Qd2 Rfe8 17. Rfe1 Qd6 18. Nd1 Nf5 19. c3 Na5 20. Qc2 Nh4 21.
Ne3 b5 22. Nc1 Qf4 23. Ne2 Qf6 24. Ng3 g6 25. a4 c6 26. Qd1 h5 27. Qc2 Nb7 28.
Rf1 Bd7 29. Rae1 Nd6 30. f4 Re7 31. f5 Qg5 32. Qf2 Rae8 33. fxg6 fxg6 34. Nc2
Rxe1 35. Rxe1 Rf8 36. Qe2 bxa4 37. Qe7 Qxe7 38. Rxe7 Bf5 39. Nxf5 Nhxf5 40. Ra7
Nc4 41. Bxc4 dxc4 42. Rxa6 Rb8 43. Nb4 Nxd4 44. Rxa4 Nf5 45. Ra5 Ne3 46. Re5
Nd1 47. Rc5 Re8 48. Kf1 Nxb2 49. Rxc6 Kg7 50. Rc7+ Kf6 51. Nd5+ Kg5 52. Re7
Rf8+ 53. Ke2 Nd3 54. Kd2 Rd8 55. Ne3 Nf4+ 56. Ke1 Rd3 57. g3 Nh3 58. Nxc4 Rxc3
59. Ne3 Rb3 60. Nf1 Rb1+ 61. Ke2 Rb2+ 62. Nd2 Kf6 63. Rd7 Ng5 64. Ke3 Ra2 65.
Rd6+ Kf5 66. Rd4 Ne6 67. Rb4 Nc7 68. Rf4+ Ke6 69. Re4+ Kf6 70. Rf4+ Kg7 71. Rd4
Ne6 72. Rb4 g5 73. Rb6 Kf7 74. Rb7+ Kg6 75. h3 Ra1 76. Rb6 Kf7 77. Rb7+ Kf6 78.
Ne4+ Kg6 79. Rb6 Ra3+ 80. Kf2 Kf5 81. Nd6+ Kf6 82. Nc4 Ra2+ 83. Rb2 Ra4 84. Ne3
Ke5 85. Nd1 Nd4 86. Nc3 Ra5 87. Ne2 Ne6 88. Rb4 Nc5 89. Rb8 Ne4+ 90. Kg2 Ra3
91. Rb5+ Kd6 92. Rb6+ Kd5 93. Rh6 Re3 94. Kf1 Kc4 95. Rh8 Kd3 96. Rd8+ Kc2 97.
Nd4+ Kc1 98. Ne2+ Kc2 99. Nd4+ Kb1 100. Rb8+ Ka2 101. Ra8+ Kb1 102. Rb8+ Kc1
103. Ne2+ Kd1 104. Rb1+ Kc2 105. Rb5 Rf3+ 106. Ke1 Ra3 107. Kf1 Kd3 108. Rb2
Ra1+ 109. Kg2 Ra3 110. Ng1 g4 111. Ne2 Ke3 112. Nf4 Ra5 1/2-1/2

[Event "Championnat de France - Accession"]
[Site "Pau"]
[Date "2008.08.19"]
[Round "7.9"]
[White "Bailet, Pierre"]
[Black "Nguyen, Chi-Minh"]
[Result "1-0"]
[WhiteElo "2268"]
[BlackElo "2432"]
[PlyCount "91"]

1. e4 e6 2. d4 d5 3. Nc3 Bb4 4. e5 Ne7 5. a3 Bxc3+ 6. bxc3 c5 7. Qg4 O-O 8. Bd3
Nbc6 9. Nf3 f5 10. Qh4 Qa5 11. Bd2 Qa4 12. Ra2 Bd7 13. O-O c4 14. Be2 Qa5 15.
Rb1 b5 16. Bf1 a6 17. Ng5 h6 18. Nh3 Rf7 19. Be2 Be8 20. Rd1 Qd8 21. Nf4 Qd7
22. Qg3 Rf8 23. h4 Kh7 24. h5 a5 25. Be3 Rb8 26. Rb1 b4 27. axb4 axb4 28. Rab2
Bf7 29. cxb4 Na7 30. c3 Nb5 31. Bd2 Ra8 32. Bf3 Ra3 33. Rc1 Nc6 34. Rbc2 Rfa8
35. Be3 Ne7 36. Kh2 Ra2 37. Qh3 Rxc2 38. Rxc2 Ra3 39. Bd2 Qa7 40. Qh4 Nc6 41.
Qh3 Ra2 42. Rxa2 Qxa2 43. Be1 Qc2 44. Qg3 Qc1 45. Nxe6 Qxe1 46. Qxg7# 1-0

[Event "Championnat de France - Accession"]
[Site "Pau"]
[Date "2008.08.19"]
[Round "7.10"]
[White "Bleunven, Andre"]
[Black "Rouler, Charly"]
[Result "1-0"]
[WhiteElo "2261"]
[BlackElo "2326"]
[PlyCount "79"]

1. Nf3 Nf6 2. c4 g6 3. Nc3 Bg7 4. e4 O-O 5. d4 d6 6. Be2 Nbd7 7. O-O e5 8. Qc2
c6 9. d5 c5 10. Bg5 h6 11. Bd2 Ne8 12. g3 Nb6 13. Nh4 Bh3 14. Rfb1 Rc8 15. Nd1
Kh7 16. a4 Nc7 17. a5 Nd7 18. Nc3 f5 19. exf5 gxf5 20. Nd1 Kg8 21. f3 e4 22.
Nf2 Bd4 23. Bf4 Nf6 24. Rd1 exf3 25. Bxf3 Bg4 26. Rxd4 Bxf3 27. Rd3 Be4 28.
Nxe4 Nxe4 29. Re3 Ng5 30. Kg2 Qf6 31. Rae1 Rf7 32. Qc3 Qxc3 33. bxc3 Rd8 34.
Re7 b5 35. Rxf7 Nxf7 36. Re7 Rc8 37. Nxf5 bxc4 38. Rxf7 Nxd5 39. Nxh6+ Kh8 40.
Bxd6 1-0

[Event "Championnat de France - Accession"]
[Site "Pau"]
[Date "2008.08.19"]
[Round "7.11"]
[White "Lagarde, Maxime"]
[Black "Stephan, Victor"]
[Result "1-0"]
[WhiteElo "2322"]
[BlackElo "2152"]
[PlyCount "75"]

1. e4 c5 2. Nf3 d6 3. d4 Nf6 4. Nc3 cxd4 5. Nxd4 a6 6. Be3 e6 7. g4 e5 8. Nf5
h5 9. g5 Nxe4 10. Nxg7+ Bxg7 11. Nxe4 d5 12. Ng3 d4 13. Bd2 Qd5 14. Bd3 Bg4 15.
Be4 Qd7 16. f3 Be6 17. Rg1 Nc6 18. Qe2 O-O-O 19. Bd3 f5 20. gxf6 Bxf6 21. O-O-O
Be7 22. Ne4 Nb4 23. Bxb4 Bxb4 24. a3 Bf8 25. Kb1 b5 26. c4 b4 27. axb4 Bxb4 28.
c5 a5 29. Nd6+ Kb8 30. Qxe5 Bxc5 31. Nb5+ Bd6 32. Nxd6 Qxd6 33. Qb5+ Ka8 34.
Qxa5+ Kb8 35. Qb5+ Ka8 36. Rg7 Rd7 37. Be4+ Ka7 38. Qa5+ 1-0

[Event "Championnat de France - Accession"]
[Site "Pau"]
[Date "2008.08.19"]
[Round "7.12"]
[White "Daurelle, Herve"]
[Black "Demuth, Adrien"]
[Result "0-1"]
[WhiteElo "2253"]
[BlackElo "2315"]
[PlyCount "56"]

1. e4 c5 2. Nf3 Nc6 3. d4 cxd4 4. Nxd4 Nf6 5. Nc3 d6 6. Bg5 e6 7. Qd2 Be7 8.
O-O-O a6 9. f4 Nxd4 10. Qxd4 O-O 11. Be2 b5 12. e5 dxe5 13. fxe5 Nd5 14. Bxe7
Qxe7 15. Nxd5 exd5 16. Bd3 Be6 17. Kb1 Rfc8 18. Rhf1 Rab8 19. Rde1 a5 20. Re3
b4 21. Rf6 b3 22. Qh4 bxc2+ 23. Kc1 Qb4 24. Qxb4 Rxb4 25. Rf2 Rxb2 26. Bxc2
Rxa2 27. Rb3 d4 28. Rb2 d3 0-1

[Event "Championnat de France - Accession"]
[Site "Pau"]
[Date "2008.08.19"]
[Round "7.13"]
[White "Li, Frederic"]
[Black "Mancini, Mario"]
[Result "1/2-1/2"]
[WhiteElo "2186"]
[BlackElo "2268"]
[PlyCount "87"]

1. Nf3 d5 2. d4 Nf6 3. c4 e6 4. g3 Be7 5. Bg2 O-O 6. O-O Nbd7 7. b3 b6 8. Nc3
Bb7 9. Bb2 Ne4 10. Nxe4 dxe4 11. Nd2 f5 12. e3 Bf6 13. f3 exf3 14. Bxf3 Bxf3
15. Nxf3 Qe8 16. Qc2 Qg6 17. Rae1 c5 18. Re2 Rae8 19. e4 cxd4 20. exf5 exf5 21.
Nxd4 Re4 22. Nxf5 Rxe2 23. Qxe2 Re8 24. Qd2 Bxb2 25. Qxb2 Nf6 26. Qd2 h6 27.
Qf4 Re6 28. Qb8+ Kh7 29. Qxa7 Re2 30. Qb7 Rxa2 31. Qe7 Nh5 32. Qe3 Nf6 33. Qe7
Nh5 34. Qe5 Qg4 35. Nd6 Nf6 36. Qf5+ Qxf5 37. Nxf5 Rb2 38. Nd4 Ng4 39. h3 Ne3
40. Rf2 Rb1+ 41. Kh2 Rd1 42. Ne6 Rb1 43. Nd4 Rd1 44. Ne6 1/2-1/2

[Event "Championnat de France - Accession"]
[Site "Pau"]
[Date "2008.08.19"]
[Round "7.14"]
[White "Roos, Louis"]
[Black "Heinis, Vincent"]
[Result "1-0"]
[WhiteElo "2375"]
[BlackElo "2116"]
[PlyCount "47"]

1. c4 b6 2. e3 Bb7 3. Nf3 e6 4. Be2 Nf6 5. b3 d5 6. Bb2 Bd6 7. d4 O-O 8. Nbd2
Qe7 9. O-O Nbd7 10. Ne5 Ne4 11. Nxd7 Nxd2 12. Qxd2 Qxd7 13. c5 Be7 14. a4 a6
15. Rfc1 Bc6 16. cxb6 cxb6 17. Ba3 Bxa3 18. Rxa3 a5 19. Ra2 Rfc8 20. Rac2 Qb7
21. Bb5 Bd7 22. Bxd7 Qxd7 23. Qd3 Kf8 24. Qxh7 1-0

[Event "Championnat de France - Accession"]
[Site "Pau"]
[Date "2008.08.19"]
[Round "7.15"]
[White "Manouck, Thierry"]
[Black "Fougerit, Valentin"]
[Result "1-0"]
[WhiteElo "2358"]
[BlackElo "2203"]
[PlyCount "49"]

1. c4 e6 2. Nf3 Nf6 3. g3 d5 4. b3 Be7 5. Bg2 O-O 6. O-O a5 7. Nc3 c6 8. Bb2 b6
9. d3 Nbd7 10. Nd4 Bb7 11. e3 Re8 12. g4 g6 13. g5 Nh5 14. f4 Ng7 15. Qd2 e5
16. Nxc6 Bxc6 17. cxd5 Bb7 18. d6 Bxd6 19. Bxb7 Rb8 20. Bc6 exf4 21. exf4 Rc8
22. Bb7 Rb8 23. Be4 Nc5 24. Nd5 Nh5 25. Qc3 1-0

[Event "Championnat de France - Accession"]
[Site "Pau"]
[Date "2008.08.19"]
[Round "7.16"]
[White "Rabeyrin, Jean-Jacques"]
[Black "Villegas, Pierre"]
[Result "1/2-1/2"]
[WhiteElo "2302"]
[BlackElo "2105"]
[PlyCount "62"]

1. e4 c5 2. c3 Nf6 3. e5 Nd5 4. d4 cxd4 5. cxd4 d6 6. Nf3 e6 7. Nc3 Nxc3 8.
bxc3 Qc7 9. Bd2 Nd7 10. Bd3 dxe5 11. O-O Bd6 12. Re1 a6 13. Qe2 exd4 14. cxd4
Nf6 15. Ne5 O-O 16. Rac1 Qe7 17. Bg5 h6 18. Bh4 g5 19. Bg3 Re8 20. h4 Kg7 21.
Bb1 Bd7 22. Nxd7 Nxd7 23. hxg5 hxg5 24. Qh5 Rh8 25. Bxd6 Qxd6 26. Qxg5+ Kf8 27.
Qg4 Qh2+ 28. Kf1 Nf6 29. Qf3 Nd5 30. Be4 Nf4 31. g3 Qh3+ 1/2-1/2

[Event "Championnat de France - Accession"]
[Site "Pau"]
[Date "2008.08.19"]
[Round "7.17"]
[White "Frederic, Clement"]
[Black "Pietrasanta, Jeremy"]
[Result "1-0"]
[WhiteElo "2209"]
[BlackElo "2301"]
[PlyCount "83"]

1. e4 g6 2. d4 Bg7 3. Nc3 c6 4. Bc4 d6 5. Qf3 e6 6. Nge2 Nd7 7. Bb3 Qe7 8. O-O
e5 9. Bg5 Ngf6 10. Rad1 h6 11. Bh4 O-O 12. Qe3 Re8 13. f4 exd4 14. Qxd4 Kh7 15.
Ng3 b5 16. Qxd6 Qxd6 17. Rxd6 b4 18. Nb1 Nxe4 19. Nxe4 Rxe4 20. Bxf7 Nf8 21.
Rxc6 Re2 22. Bc4 Re8 23. Re1 Bf5 24. Bb3 a5 25. Rxe8 Rxe8 26. Rc7 Kh8 27. Nd2
Bxb2 28. Re7 Rc8 29. Ne4 Bd4+ 30. Kf1 g5 31. Nd6 gxh4 32. Nxf5 Bc5 33. Re4 Ng6
34. Nxh6 Rf8 35. g3 Kg7 36. Ng4 Rd8 37. Ke2 h3 38. f5 Nf8 39. Rc4 Bg1 40. Rc7+
Kh8 41. Rc6 Kg7 42. Rh6 1-0

[Event "Championnat de France - Accession"]
[Site "Pau"]
[Date "2008.08.19"]
[Round "7.18"]
[White "Riff, Vincent"]
[Black "Vallet, Marc"]
[Result "1/2-1/2"]
[WhiteElo "2290"]
[BlackElo "2200"]
[PlyCount "27"]

1. e4 c5 2. Nf3 Nc6 3. Nc3 e5 4. Bc4 Be7 5. d3 d6 6. Nd2 Bg5 7. h4 Bxd2+ 8.
Bxd2 h6 9. Qh5 g6 10. Qf3 Qd7 11. Nd5 Nd4 12. Nf6+ Nxf6 13. Qxf6 Rh7 14. O-O-O
1/2-1/2

[Event "Championnat de France - Accession"]
[Site "Pau"]
[Date "2008.08.19"]
[Round "7.19"]
[White "Mandon, Fabrice"]
[Black "Bissieres, Matthieu"]
[Result "0-1"]
[WhiteElo "2221"]
[BlackElo "2275"]
[PlyCount "122"]

1. e4 d6 2. d4 Nf6 3. f3 e5 4. dxe5 dxe5 5. Qxd8+ Kxd8 6. Bc4 Ke8 7. Be3 Nbd7
8. Nc3 a6 9. O-O-O Bd6 10. Nge2 b6 11. g4 b5 12. Bd5 Nxd5 13. Nxd5 Bb7 14. Ng3
g6 15. h4 f6 16. h5 Bxd5 17. Rxd5 Kf7 18. Rd2 Kg7 19. c3 Nf8 20. Kc2 Ne6 21.
Rhd1 Rhe8 22. Rd5 Reb8 23. Rg1 Rd8 24. Ne2 Be7 25. Rgd1 Rxd5 26. Rxd5 Bd6 27.
Ng3 Kf7 28. Rd2 Nf4 29. Rh2 Kg7 30. hxg6 hxg6 31. Bxf4 exf4 32. Ne2 c5 33. b3
Re8 34. Rh1 Be5 35. Nc1 b4 36. Nd3 Bxc3 37. Nxf4 Rc8 38. Kd3 Rd8+ 39. Nd5 f5
40. gxf5 gxf5 41. Rh2 fxe4+ 42. fxe4 Bd4 43. Kc4 a5 44. Re2 Kf7 45. Kb5 Ke6 46.
Nb6 Rb8 47. Kc6 Rh8 48. Nc4 Ra8 49. Rh2 a4 50. Rh6+ Ke7 51. Rh7+ Ke6 52. Rh6+
Ke7 53. Nb6 axb3 54. axb3 Ra3 55. Nc8+ Kf8 56. Rh3 c4 57. Rf3+ Kg7 58. Nd6 cxb3
59. Rf7+ Kg6 60. Rb7 b2 61. Rxb4 Ra1 0-1

[Event "Championnat de France - Accession"]
[Site "Pau"]
[Date "2008.08.19"]
[Round "7.20"]
[White "Le Goff, Damien"]
[Black "Strugnell, Carl"]
[Result "1-0"]
[WhiteElo "2261"]
[BlackElo "2194"]
[PlyCount "77"]

1. e4 c5 2. Nf3 d6 3. d4 cxd4 4. Nxd4 Nf6 5. Nc3 Nc6 6. Be2 e6 7. Be3 Be7 8.
O-O O-O 9. Kh1 a6 10. a4 Qc7 11. f4 Re8 12. a5 Nxa5 13. e5 dxe5 14. fxe5 Qxe5
15. Bf4 Qc5 16. Na4 Qa7 17. Bc7 Nc6 18. Nb6 Nxd4 19. Qxd4 Nd5 20. Qf2 Bf6 21.
Nxa8 Qxa8 22. Be5 Rf8 23. Bxf6 Nxf6 24. Qh4 Nd7 25. Qe7 Ne5 26. Ra3 Bd7 27. Re3
Qb8 28. Bh5 g6 29. Be2 Bc6 30. h4 Nd7 31. Bc4 Nb6 32. Rxf7 Rxf7 33. Bxe6 Qf8
34. Qg5 Qd6 35. Qf6 Qf8 36. Re1 Nc8 37. Rd1 Be8 38. Rd8 Nd6 39. Rxd6 1-0

[Event "Championnat de France - Accession"]
[Site "Pau"]
[Date "2008.08.20"]
[Round "8.1"]
[White "Bedouin, Xavier"]
[Black "Housieaux, David"]
[Result "1/2-1/2"]
[WhiteElo "2365"]
[BlackElo "2411"]
[PlyCount "20"]

1. e4 e6 2. d4 d5 3. Nd2 Nc6 4. Ngf3 Nf6 5. e5 Nd7 6. Nb3 Be7 7. Bb5 O-O 8. O-O
a5 9. a4 Ncb8 10. Be3 b6 1/2-1/2

[Event "Championnat de France - Accession"]
[Site "Pau"]
[Date "2008.08.20"]
[Round "8.2"]
[White "Guilleux, Fabien"]
[Black "Terrieux, Kevin"]
[Result "0-1"]
[WhiteElo "2397"]
[BlackElo "2360"]
[PlyCount "70"]

1. Nf3 Nf6 2. c4 b6 3. g3 Bb7 4. Bg2 e6 5. O-O Be7 6. Nc3 O-O 7. Re1 Ne4 8.
Nxe4 Bxe4 9. d3 Bb7 10. e4 c5 11. d4 cxd4 12. Nxd4 d6 13. b3 a6 14. Ba3 Qc7 15.
Qd2 Nd7 16. Rad1 Rfd8 17. Bb4 Nc5 18. Qe3 Bf8 19. f4 Rac8 20. f5 e5 21. Ne2 a5
22. Bd2 Nxe4 23. Bxe4 d5 24. Nc3 dxe4 25. Qe2 Bc5+ 26. Be3 Bb4 27. Nb5 Qe7 28.
Rxd8+ Rxd8 29. Rd1 Bc5 30. Rxd8+ Qxd8 31. Bxc5 bxc5 32. h4 g6 33. Qf1 e3 34.
fxg6 hxg6 35. Qe2 Qd2 0-1

[Event "Championnat de France - Accession"]
[Site "Pau"]
[Date "2008.08.20"]
[Round "8.3"]
[White "Aguettaz, Maxime"]
[Black "Bujisho, Benjamin"]
[Result "1/2-1/2"]
[WhiteElo "2426"]
[BlackElo "2402"]
[PlyCount "41"]

1. c4 e5 2. Nc3 Nc6 3. g3 g6 4. Bg2 Bg7 5. e4 d6 6. Nge2 Be6 7. d3 Qd7 8. Rb1
Bh3 9. O-O h5 10. f3 Bxg2 11. Kxg2 h4 12. g4 h3+ 13. Kh1 f5 14. Ng3 Nd4 15.
exf5 gxf5 16. Nxf5 Nxf5 17. gxf5 O-O-O 18. Rg1 Rf8 19. Qe2 Bh6 20. Rg3 Qxf5 21.
Nd5 1/2-1/2

[Event "Championnat de France - Accession"]
[Site "Pau"]
[Date "2008.08.20"]
[Round "8.4"]
[White "Camus De Solliers, Guillaume"]
[Black "Debray, Christopher"]
[Result "0-1"]
[WhiteElo "2319"]
[BlackElo "2378"]
[PlyCount "50"]

1. d4 Nf6 2. c4 e6 3. Nf3 c5 4. d5 b5 5. dxe6 fxe6 6. cxb5 d5 7. Nc3 Bb7 8. e4
d4 9. e5 Nfd7 10. Na4 Qc7 11. Bf4 Be7 12. Qb3 Rf8 13. Bg3 Qa5+ 14. Nd2 a6 15.
Qxe6 axb5 16. Bh4 Rf7 17. Bxe7 Rxe7 18. Qg8+ Nf8 19. Nxc5 Rxe5+ 20. Be2 Rxc5
21. Qxg7 Nbd7 22. Qxd4 Re5 23. b4 Qc7 24. f4 Ne6 25. Qf2 Nxf4 0-1

[Event "Championnat de France - Accession"]
[Site "Pau"]
[Date "2008.08.20"]
[Round "8.5"]
[White "Saucey, Michel"]
[Black "Payen, Arnaud"]
[Result "1-0"]
[WhiteElo "2348"]
[BlackElo "2372"]
[PlyCount "105"]

1. d4 Nf6 2. c4 e6 3. Nf3 Bb4+ 4. Bd2 Bxd2+ 5. Qxd2 d5 6. e3 O-O 7. Nc3 Qe7 8.
Qc2 Rd8 9. cxd5 exd5 10. Bd3 Nbd7 11. O-O Nf8 12. Rab1 Ng6 13. h3 Ne8 14. b4
Qf6 15. Nh2 h5 16. f4 Ne7 17. f5 Qg5 18. Rf4 Rd6 19. g4 hxg4 20. hxg4 Qh4 21.
Qg2 g5 22. Rf3 Qh8 23. Rh3 Qg7 24. Kf2 Rh6 25. Rh1 Rxh3 26. Qxh3 a5 27. b5 Bd7
28. Nf3 f6 29. Ne2 Nd6 30. Ng3 Be8 31. Kg2 Bf7 32. Kf2 a4 33. a3 c6 34. bxc6
bxc6 35. Rb1 Be8 36. Qh2 Nec8 37. Ne2 Qf8 38. Rh1 Qg7 39. Rb1 Qf8 40. Ne5 Ra7
41. Rh1 Qg7 42. Ng6 Bxg6 43. fxg6 Ne4+ 44. Bxe4 dxe4 45. Qb8 Qb7 46. Qh2 Qg7
47. Rb1 Rb7 48. Rxb7 Qxb7 49. Qh5 Nd6 50. Nc3 Qe7 51. Nxa4 Nc4 52. Nc5 Nxa3 53.
Ne6 1-0